The Many Names of Uranus - Statistics

General Stats
  • This quiz has been taken 83 times
  • The average score is 4 of 8
Answer Stats
Hint Answer % Correct
Others wanted to name it after this Roman god of the sea, but decided to save it for the next giant blue planet they found. Neptune
82%
Eventually, astronomers settled on the name Uranus, which is a Latinization of this Greek god of the sky. (That's not to say it's the Roman equivalent, but literally the Latin spelling of the Greek word. Give the Greek spelling.) Ouranos
63%
The most common pronunciation of Uranus puts stress on the long "A" sound (second syllable), resulting in many inappropriate wordplay jokes. Astronomers trying to keep some semblance of maturity in their audience have decided to pronounce it a different way, putting stress on which syllable instead? The First
61%
An Astronomer named William Herschel was the first to discover that Uranus was actually a planet. Thus, he had naming privileges. As the ancients named the stars after their heroes (that being the gods), Herschel decided to name Uranus this. Georgium Sidis
58%
The non-British, especially the French, did not like this name. So, they collectively decided to veto Herschel's naming rights and left it up to the public. Some tried to name it this, after its discoverer. Herschel
58%
Who was this named after (Suffix included)? King George III
51%
If you know your stuff when it comes to planets, you may have noticed that every planet besides Earth and Uranus are named after Roman gods. The thing about Greek gods is that they have Roman equivalents. What is the name of the Roman equivalent of Uranus? Caelus
36%
Before Uranus was discovered to be a planet, it was believed to be a star or distant comet, and named after the area of the sky it resided in. Give any of the names it was given during this time (You don't need to include numbers). 34 Tauri or Virgo 17
19%
No matching quizzes found
Score Distribution
Percent of People with Each Score
Percentile by Number Answered
Your Score History
You have not taken this quiz